Barron's AP calculus. (Record no. 59192)
[ view plain ]
| 000 -LEADER | |
|---|---|
| fixed length control field | 01462cas a2200409 a 4500 |
| 001 - CONTROL NUMBER | |
| control field | 15032523 |
| 003 - CONTROL NUMBER IDENTIFIER | |
| control field | OSt |
| 005 - DATE AND TIME OF LATEST TRANSACTION | |
| control field | 20140606140819.0 |
| 007 - PHYSICAL DESCRIPTION FIXED FIELD--GENERAL INFORMATION | |
| fixed length control field | t| |
| 008 - FIXED-LENGTH DATA ELEMENTS--GENERAL INFORMATION | |
| fixed length control field | 071003c20089999nyugr | a0eng c |
| 010 ## - LIBRARY OF CONGRESS CONTROL NUMBER | |
| LC control number | 2007213721 |
| 020 ## - INTERNATIONAL STANDARD BOOK NUMBER | |
| International Standard Book Number | 9781438071275 |
| 022 0# - INTERNATIONAL STANDARD SERIAL NUMBER | |
| International Standard Serial Number | 1940-3089 |
| Source | 1 |
| 035 ## - SYSTEM CONTROL NUMBER | |
| System control number | (OCoLC)ocn173643760 |
| 037 ## - SOURCE OF ACQUISITION | |
| Source of stock number/acquisition | Barron's Educational Series, Inc., 250 Wireless Blvd., Hauppauge, NY 11788 |
| 040 ## - CATALOGING SOURCE | |
| Original cataloging agency | NSDP |
| Language of cataloging | eng |
| Transcribing agency | NSDP |
| Modifying agency | NSDP |
| -- | DLC |
| -- | OCoLC |
| -- | CaBVa |
| -- | OCoLC |
| 042 ## - AUTHENTICATION CODE | |
| Authentication code | pcc |
| -- | nsdp |
| 050 00 - LIBRARY OF CONGRESS CALL NUMBER | |
| Classification number | QA309 |
| Item number | .B372 2012 |
| 082 10 - DEWEY DECIMAL CLASSIFICATION NUMBER | |
| Classification number | 004 |
| Edition number | 14 |
| 082 04 - DEWEY DECIMAL CLASSIFICATION NUMBER | |
| Classification number | 515.076 |
| 222 #0 - KEY TITLE | |
| Key title | Barron's AP calculus |
| 245 00 - TITLE STATEMENT | |
| Title | Barron's AP calculus. |
| 246 13 - VARYING FORM OF TITLE | |
| Title proper/short title | AP calculus |
| 260 ## - PUBLICATION, DISTRIBUTION, ETC. (IMPRINT) | |
| Place of publication, distribution, etc | Hauppauge, NY : |
| Name of publisher, distributor, etc | Barron's Educational Series, Inc. |
| 310 ## - CURRENT PUBLICATION FREQUENCY | |
| Current publication frequency | Every two years |
| 362 1# - DATES OF PUBLICATION AND/OR SEQUENTIAL DESIGNATION | |
| Dates of publication and/or sequential designation | Began with 9th ed. (2008). |
| 580 ## - LINKING ENTRY COMPLEXITY NOTE | |
| Linking entry complexity note | Also published in a separate ed. with CD-ROM. |
| 650 #0 - SUBJECT ADDED ENTRY--TOPICAL TERM | |
| Topical term or geographic name as entry element | Calculus |
| General subdivision | Examinations |
| Form subdivision | Study guides. |
| 9 (RLIN) | 27446 |
| 650 #0 - SUBJECT ADDED ENTRY--TOPICAL TERM | |
| Topical term or geographic name as entry element | Advanced placement programs (Education) |
| General subdivision | Examinations |
| Form subdivision | Study guides. |
| 9 (RLIN) | 27447 |
| 710 2# - ADDED ENTRY--CORPORATE NAME | |
| Corporate name or jurisdiction name as entry element | Barron's Educational Series, Inc. |
| 9 (RLIN) | 27448 |
| 780 00 - PRECEDING ENTRY | |
| Title | Barron's how to prepare for the AP advanced placement exam. Calculus |
| 787 1# - NONSPECIFIC RELATIONSHIP ENTRY | |
| Title | Barron's AP calculus (Print with CD-ROM) |
| International Standard Serial Number | 1940-3119 |
| Record control number | (DLC) 2007213726 |
| -- | (OCoLC)173649182 |
| 906 ## - LOCAL DATA ELEMENT F, LDF (RLIN) | |
| a | 7 |
| b | cbc |
| c | serials |
| d | 2 |
| e | ncip |
| f | 20 |
| g | n-oclcserc |
| 942 ## - ADDED ENTRY ELEMENTS (KOHA) | |
| Source of classification or shelving scheme | Library of Congress Classification |
| Koha item type | Books |
No items available.
